Glee trivia - Statistics

General Stats
  • This quiz has been taken 321 times
  • The average score is 10 of 15
Answer Stats
Question Answer % Correct
What lunch item does Finn see an image of Jesus in? A grilled cheese
93%
What is the name of Will's ex-wife? Terri
88%
What musical instrument does Finn play? Drums
85%
In Tina's dream, who does she swap bodies with? Rachel
76%
What artist do the New Directions all hear when they are under anaesthesia at the dentist? Britney Spears
74%
What is the name of Kurt's bully who later goes on to date Santana? Dave
73%
What is the name of Brittany's talk show? Fondue for Two
73%
Which rival show choir is coached by Shelby Corcoran in the first season? Vocal Adrenaline
71%
Which song does Rachel sing at her Nyada audition? Don't Rain on my Parade
68%
Who coaches the football team in season 1? Ken
67%
What is the name of the substitute teacher played by Gwyneth Paltrow? Holly Holiday
64%
What is the name of the secondary glee club at Mckinley High? The Troubletones
57%
In which city do the New Direction first win nationals? Chicago
47%
Which musical does Rachel think she has bought tickets for in New York? CATS
46%
What is the first song sang by the glee club? Sit Down you're Rockin' the Boat
42%
No matching quizzes found
Score Distribution
Percent of People with Each Score
Percentile by Number Answered
Your Score History
You have not taken this quiz